| 000 | 00974nam a2200193 i 4500 | ||
|---|---|---|---|
| 001 | 184780 | ||
| 003 | ES-MaACL | ||
| 005 | 20250826083219.0 | ||
| 008 | 151222s1909 sp |||| | spa d | ||
| 245 | 0 | 3 |
_aLa Reforma tributaria : _binforme que el Fomento del Trabajo Nacional eleva á la Comisión de señores Diputados que entiende en los proyectos de ley que el... Ministro de Hacienda ha sometido à la aprobación de las Cortes en 14 de Abril ultimo. |
| 260 |
_aBarcelona : _b[s.n.], _c1909 ( _fImp.Henrich y Compª) |
||
| 300 |
_a63 p., 5 h. pleg. de cuadros ; _c20 cm. |
||
| 594 | _aPrecede al tít.: Fomento del Trabajo Nacional. | ||
| 650 | 4 |
_aImpuestos- _zEspaña _913634 |
|
| 710 | 2 |
_aFomento del Trabajo Nacional (Cataluña) _94136 |
|
| 852 |
_aES-MaACL _jT-1392-F-8 _z.- Enc. en un vol. facticio conservando la cub. original |
||
| 852 |
_aES-MaACL _jT-1194-F-2 _z.- Enc. en un vol. facticio conservando la cub. original |
||
| 999 |
_c184780 _d184780 |
||